| 000 | 00000nam 2200000za 4500 |
| 001 | 9.605368 |
| 003 | CaOODSP |
| 005 | 20210624212058 |
| 007 | cr ||||||||||| |
| 008 | 150406s1936||||xxca||||o f000 0 fre d |
| 040 | |aCaOODSP|bfre |
| 043 | |an-cn--- |
| 086 | 1 |aA63-1/5-1936F-PDF |
| 100 | 1 |aPepper, Laura C. |
| 245 | 13|aLe dîner à l'école |h[ressource électronique] / |cpar Laura C. Pepper. |
| 250 | |aRéimpression. |
| 260 | |aOttawa : |bDominion du Canada, Ministère de l'agriculture, |c1936. |
| 300 | |a12 p. : |bill. |
| 490 | 1 |aBulletin de ménage ; |vN° 5 |
| 500 | |a« Publication Nº 495, publié en mars 1936 » |
| 500 | |aSur la couv. : Division de l'industrie laitère et de la réfrigération. |
| 500 | |aPublié aussi en anglais sous le titre : School lunches. |
| 500 | |aPublication historique numérisée par Agriculture et Agroalimentaire Canada. |
| 590 | |a13-17-Supp|b2013-07-25 |
| 691 | 07|aAlimentation|2gcpds |
| 691 | 07|aArt culinaire|2gcpds |
| 691 | 07|aÉconomie domestique|2gcpds |
| 691 | 07|aSanté de l'enfant|2gcpds |
| 710 | 1 |aCanada. |bMinistère de l'agriculture. |
| 775 | 08|tSchool lunches |w(CaOODSP)9.577008 |
| 830 | #0|aBulletin de la ménagère (Canada. Ministère de l'agriculture)|vN° 5|w(CaOODSP)9.503818 |
| 856 | 40|ahttp://publications.gc.ca|qPDF|s4.01 Mo|uhttps://publications.gc.ca/collections/collection_2013/aac-aafc/agrhist/A63-1-5-1936-fra.pdf|yN° 5 |
| 986 | |aPublication 495 |